000 00723nam a2200205 i 4500
001 84572
003 ES-MaACL
005 20250531063029.0
007 t|
008 041123s1959 sp ||||1| spa d
100 1 _aJiménez de Gregorio, Fernando,
_d1911-2012
_966505
245 1 0 _aIglesias y parroquias de La Jara /
_cpor Fernando Jiménez de Gregorio.
260 _aToledo :
_b[s.n.],
_c1959.
300 _a36 p., 4 lám. ;
_c24 cm.
500 _aEs separata de: Toletum, Año XXXIII, XXXIV, XXXV; Nº 69-70-71; Nº 2.
501 _aEs el cuaderno I.
650 4 _aIglesias-
_zLa Jara (Cáceres y Toledo, Comarca)
_9161578
852 _aES-MaACL
_j1503-F-6
_z.- Ded. ms. del autor
999 _c84572
_d84572